| 000 | 00638nam a2200229 i 4500 | ||
|---|---|---|---|
| 001 | 114909 | ||
| 003 | ES-MaACL | ||
| 005 | 20230906190301.0 | ||
| 007 | t| | ||
| 008 | 070209s1947 sp ||||1| spa d | ||
| 080 | _a1(Séneca) | ||
| 100 | 1 |
_aSéneca, Lucio Anneo. _9105451 |
|
| 245 | 1 | 0 |
_aSéneca / _cJuan Francisco Yela. |
| 260 |
_aBarcelona : _bLabor, _c1947. |
||
| 300 |
_a272 p. : _bil. ; _c18 cm. |
||
| 490 | 1 |
_aClásicos Labor ; _v5 |
|
| 600 | 1 | 4 |
_aSéneca, Lucio Anneo. _9105451 |
| 700 | 1 |
_aYela, Juan Francisco. _9117611 |
|
| 830 | 0 |
_aClásicos Labor ; _v5 _9185822 |
|
| 852 |
_aES-MaACL _jE-3899 |
||
| 999 |
_c114909 _d114909 |
||